Nalaganje...

SRI AGNI PURAANAM

Bibliografske podrobnosti
Format: Printed Book
Izdano: MUMBAI GIRI TRADING AGENCY PRIVATE LIMITED 2008
Teme:
LEADER 00449nam a2200169 4500
020
082 |a 294.5925 SRI 
100
245 |a SRI AGNI PURAANAM  |h Malayalam 
250
260 |a MUMBAI  |b GIRI TRADING AGENCY PRIVATE LIMITED  |c 2008 
300
650 |a SRI AGNI PURAANAM 
700
942 |c BK 
999 |c 158160  |d 158160 
952 |0 0  |1 0  |4 0  |6 294_592500000000000_SRI  |7 0  |9 171617  |a ORI  |b ORI  |l 0  |o 294.5925 SRI  |p ORI7943  |r 2019-10-25  |w 2019-10-25  |y BK